00482 a2200181 450000100060000002000220000604000240002810000180005224000250007024500200009530000060011536200090012144000150013065000240014594200070016995201070017699900170028346066 a978-85-7319-724-2 cAnchieta - Aquarius aWerneck, Leny10aPapai motoristalpor10aPapai motorista a 0 a2008 1aDimensàƒo 4aLiteratura infantil cBK 00104070a87.1b87.1d2023-11-21l0oLI 028.5 WER PAPp3513/AQUr2023-11-21 15:12:25w2023-11-21yBK c46066d46066